Loading...
"E Government and Efficiency, Accountability and Transparency"
| Main Author: | |
|---|---|
| Format: | Printed Book |
| Published: |
ASEAN Executive Seminar on e-Government
2002
|
| Subjects: | |
| Online Access: | http://10.26.1.76/ks/002543.pdf |
| LEADER | 004220000a22001330004500 | ||
|---|---|---|---|
| 100 | |a Ajay Kumar | ||
| 245 | |a "E Government and Efficiency, Accountability and Transparency" | ||
| 260 | |c 2002 | ||
| 260 | |b ASEAN Executive Seminar on e-Government | ||
| 650 | |a ICT FRIENDS | ||
| 856 | |u http://10.26.1.76/ks/002543.pdf | ||
| 942 | |c KS | ||
| 999 | |c 71931 |d 71931 | ||
| 952 | |0 0 |1 0 |4 0 |7 0 |9 63895 |a MGUL |b MGUL |d 2015-08-01 |l 0 |r 2015-08-01 |w 2015-08-01 |y KS | ||